000 00712cab a2200241 4500
001 WB3325-09
008 090401t1997 xxu||||| |||| 00| 0 eng d
035 _a(Sirsi) u79222
041 _aeng
245 _aProperty `permafrost`
260 _c1997
350 _a0
490 _aProperty Week
_v59(12) 20 June 1997, 6(1)
520 _aAs companies make more effective use of their office space and resources, the amount of unlettable surplus property continues to grow. Statistics.
650 _aINDUSTRIAL SPACE
650 _aNACORE
650 _aOFFICE SPACE
650 _aRETAIL SPACE
650 _aSURPLUS SPACE
690 _aPROPERTY-COMMERCIAL PROPERTY
942 _n0
948 _c25/06/1997
999 _c49809
_d49809